000 00319nam a2200133Ia 4500
008 221030s9999 xx 000 0 und d
041 _aEnglish
100 _aJ. Rumbaugh
245 0 _aObject- Oriented Modeling and Design
_cby J. Rumbaugh, M. Blaha
260 _c0
650 _aB
700 _aM. Blaha
942 _cBK
999 _c16404
_d16404